Journal of a residence in Chile during the year 1822

Saved in:
書目詳細資料
主要作者: Graham, María (Author)
格式: 圖書
語言:英语
出版: Londres Longman, Hurts, Rees, Orme, Brown, and Green, Paternoster-row 1824
版:1a. ed
主題:
標簽: 添加標簽
沒有標簽, 成為第一個標記此記錄!

MARC

LEADER 00000nam a2200000 a 4500
001 UCJ6661
003 CL-VaPUC
008 070124e18240000UK |||||||||||||||||eng|d
082 0 4 |a 910.4  |b GRA  |2 21 
100 0 |a Graham, María  |e author  |9 448801 
245 1 0 |a Journal of a residence in Chile during the year 1822 
250 |a 1a. ed 
300 |a viii, 512 p 
942 |c BK 
945 |d 20070124 00:00:00  |a rinostro 
260 |a Londres  |b Longman, Hurts, Rees, Orme, Brown, and Green, Paternoster-row  |c 1824 
500 |a 4§ mayor, media pasta.- Front.: Coche de la época, conocido como birlocho. Esta y varias otras ilustraciones corresponden a grabados hechos por Edward Finden a partir de dibujos de la propia María Graham. Todas las ilustraciones corresponden a las señaladas en el índice. Esta obra se encuentra empastada en un mismo volumen junto a Journal of a "voyage to Brazil and residence there", de la misma autora; p. 234, nota manuscrita de Don Eduardo relativa a su ancestro materno John James Barnard que aperece citado en la obra 
600 0 7 |a BUDGE BARNARD, EDUARDO B  |2 CL-VaPUC  |9 505135 
650 0 |a Viajes  |9 257115 
650 0 |a Diarios   |9 420844 
650 0 |a Flora y fauna  |9 338564 
650 0 |a Aborígenes  |9 329972 
650 0 |a Arquitectura colonial  |9 266240 
650 0 |a Ilustraciones  |9 369481 
650 0 |a Grabados  |9 310822 
650 7 |a NOTAS MANUSCRITAS  |2 CL-VaPUC  |9 513725 
650 7 |a DESCRIPCION BIBLIOFILICA  |2 CL-VaPUC  |9 504580 
650 7 |a LIBROS RAROS  |2 CL-VaPUC  |9 321878 
651 0 |a Quillota  |9 265145 
651 0 |a Santiago  |9 265444 
651 0 |a Brasil  |9 267393 
651 0 |a Valparaíso, Chile  |9 261144 
583 |a last modification  |c 20171016 01:28:42  |k Rodrigo Vera 
999 |c 322763  |d 322761 
952 |0 0  |1 0  |4 0  |6 910_400000000000000_GRA_1824  |7 0  |8 ?  |9 401832  |a FDOBUD  |b FDOBUD  |d 2019-11-22  |i 1050893  |o 910.4 GRA 1824  |p 1050893  |r 2019-11-22  |w 2019-11-22  |y BK  |k BUD